| 000 | 01877nam a2200433 i 4500 | ||
|---|---|---|---|
| 001 | 991061731899506706 | ||
| 003 | ES-BaIT | ||
| 005 | 20260306121747.0 | ||
| 008 | 260306q17241756sp | 000 d spa c | ||
| 040 |
_aES-BaIT _bcat _erda _cES-BaIT |
||
| 080 | _a860-2"17" | ||
| 245 | 0 | 0 | _aEntremes del paloteado |
| 246 | 3 | _aPaloteado | |
| 264 | 1 |
_bEn Sevilla, _ben la Imprenta Real de D. Diego Lopez de Haro, en calle de Genova, _c[entre 1724 i 1756] |
|
| 336 |
_atext _btxt _2rdacontent |
||
| 337 |
_asense mediació _bn _2rdamedia |
||
| 338 |
_avolum _bnc _2rdacarrier |
||
| 500 | _aPrecedeix al títol: "Num. 49." | ||
| 500 | _aDades d'edició obtingudes del colofó | ||
| 500 | _aData d'edició deduïda dels anys d'activitat de l'editor | ||
| 520 | 8 | _aSignatura: A⁴ | |
| 530 | _aReproducció digital disponible a Biblioescènic | ||
| 593 |
_bVIT-084/13. _cRelligat en volum factici. _gExemplar digitalitzat per Crossland, 2022. _hArtur Sedó. Col·lecció Joaquín Montaner |
||
| 593 | 0 | 0 | _choland. granate. Procedència: Col·lecció Joaquín Montaner |
| 655 | 7 |
_aEntremesos castellans _yS. XVIII _2lemac _9168430 |
|
| 700 | 1 |
_aLópez de Haro, Diego, _dactiu 1724-1756 _eimpressor _9110849 |
|
| 710 | 2 |
_aImprenta Real (Sevilla) _eimpressor _9162702 |
|
| 730 | 0 |
_aCol·lecció digital Biblioescènic del MAE _969172 |
|
| 752 |
_aEspanya _dSevilla |
||
| 856 | 4 | 1 |
_zAccés lliure (Biblioescènic) _uhttps://books.cdmae.cat/visorpdf/?recurs=SV0084-13 |
| 856 | 4 | 1 |
_zAccés lliure (Biblioteca Digital Hispánica) _uhttps://bnedigital.bne.es/bd/card?id=9a73674b-417d-4267-8650-c99ba4e77c21 |
| 856 | 4 | 2 |
_3Fitxa del catàleg manual _uhttp://www.cdmae.cat/sedo/imgtitulos/053/P0000183.gif |
| 902 | _aFons antic | ||
| 902 | _aPatrimoni | ||
| 908 | _aCDMAE | ||
| 940 | _aCDMAE | ||
| 942 |
_2udc _cDIGITAL |
||
| 999 |
_c137212 _d137212 |
||